00580naa a2200181 a 450000100080000000500110000800800410001910000150006024500980007526000090017365300250018265300190020765300260022665300220025265300140027470000180028877300920030611213032014-07-15 2012 bl uuuu u00u1 u #d1 aBECKER, C. aComo construir a qualidade agroalimentarban??lise de experi??ncias brasileiras e espanholas. c2012 aAgricultura familiar aConsumo social aMercado institucional aProduto org??nico aQualidade1 aCABEDO, C. L. tRevista de Economia Agr??cola, S??o Paulo, SPgv. 59, n. 2, p. 115-129, jul./dez. 2012.